00977nam a22002297a 450000500170000001000260001702000260004303500240006903700090009308200140010210000280011624501110014426000460025527000440030130000320034549000250037770000350040294200280043799900190046595201320048495201310061620240530145430.0 aENG-140551 ENG-140552 c582.00a9788181716019 aEN-124083 EN-124084 aDBAD a597.80954 aSinha, Bikramjit967135 aFauna of Eastern Himalayas Amphibians of Arunachal Pradesh, India/cBy Bikramjit Sinha [and] Bhaskar Sinha aKolkatabZoological Survey of Indiac2022 aM-Block, New Alipore, bKolkatae700053 a100p. c26cm(Pb)bill., col aOcaasional Paper 410 aSinha, Bhaskar eAuthor967136 2ddccENh597.80954mSIN c203412d203412 001040708NFICaCJbCJd2024-05-30eDBADg398.00l0o597.80954 SINpEN-124083r2024-05-30 00:00:00t1v398.00w2024-05-30yEN 001040708REFaBNbBNd2024-05-30eDBADg398.00l0o597.80954 SINpEN-124084r2024-05-30 00:00:00t1v398.00w2024-05-30yEN